MDQL
is popping MORE tags! Check the
thread
!
Quizzes
Events
Quiz Creation
Community
Videos
Private Events
Remove Ads
Sign In
Join for FREE
Feedback
Dark Mode
Quiz Categories
Sports
Geography
Music
Movies
Television
Just For Fun
Miscellaneous
History
Literature
Language
Science
Gaming
Entertainment
Religion
Holiday
For Kids
Quiz Lab
Recent
Popular Today
Quiz Kudos Today
Editor Picks
Curator Picks
Quizzes by...
Day
Popularity
Type
Ratings
Length
Year
Community
Subscriptions
Recent Discussions
Orange Saloon
Badges
Playlists
Quests
Create
Leaderboards
Showdown
Live 5
Trivia Bingo
Activity
Puzzle Library
Sporcle Events
Private Events
Virtual Trivia
Globe League
Become a Host
Pub Owners
SporcleCon
Opinionation
Our Games
Videos
Blog
Mobile Apps
Partnerships
Remove Ads and Go Orange
Feedback
Geography
Country
Landmarks
City
State
Population
World
Capital
Continent
Flags
Europe
Africa
Asia
South America
North America
Oceania
Border
Canada
United Kingdom
Topography
United States
Geography
Country
Landmarks
City
State
Population
World
Capital
Continent
Flags
Europe
Africa
Asia
South America
North America
Oceania
Border
Canada
United Kingdom
Topography
United States
Random Quiz
Search Sporcle
×
Quiz Lab
Quiz Lab
Geography
Asia
Type in answers that appear in a list
Type in answers that appear in a list
Classic
Best Score? Go Orange.
50 Largest Cities of Iran Stats
Can you name the 50 largest cities in Iran?
By
prednisone
10m
50 Questions
354 Plays
354 Plays
354 Plays
Comments
Comments
Give Quiz Kudos
Give Quiz Kudos
-
- Ratings
hide this ad
Replay
Link that replays current quiz
Next Quiz
Link to next quiz in quiz playlist
You Got
0%
They Got
Avg Score
51%
Avg Friend Score
Upgrade to see
Score Distribution
Jump to the score distribution portion of the page
Score
0/50
Timer
10:00
0
Plays Today
Rank
Answer
% Correct
1
Tehran
99.2%
3
Esfahan
92.4%
2
Mashhad
92.1%
7
Qom
90.7%
6
Tabriz
88.7%
5
Shiraz
85.3%
14
Kerman
77.1%
4
Karaj
75.1%
8
Ahvaz
74.6%
9
Kermanshah
73.7%
17
Bandar-e Abbas
68.1%
11
Rasht
67.5%
10
Urmia
64.1%
12
Zahedan
64.1%
13
Hamadan
63.3%
15
Yazd
63.3%
25
Sari
61%
18
Arak
59.9%
16
Ardabil
57.6%
22
Qazvin
54%
19
Eslamshahr
53.4%
24
Gorgan
53.4%
20
Zanjan
50.6%
23
Khorramabad
49.4%
40
Abadan
48.9%
Rank
Answer
% Correct
36
Amol
46.9%
50
Khoy
43.8%
44
Bushehr
43.5%
21
Sanandaj
42.9%
30
Dezful
41.5%
32
Babol
41.5%
28
Kashan
40.1%
46
Qaem Shahr
39%
26
Shahriar
37.9%
27
Qods
37.6%
43
Varamin
36.2%
47
Birjand
35.6%
45
Saveh
34.2%
39
Borujerd
33.9%
35
Golestan
33.6%
31
Nishabur
32.5%
38
Najafabad
31.4%
33
Khomeini Shahr
31.1%
49
Sirjan
31.1%
34
Sabzevar
28%
42
Bojnord
26.3%
29
Malard
25.7%
41
Qarchak
22.6%
48
Nasimshahr
20.9%
37
Pakdasht
19.2%
Quiz Playlist
Details
Report
Send in Message
Add To Playlist
Classic:
Type in answers that appear in a list
Quiz Source
Last Updated: Aug 21, 2017
Quiz Scoreboard
CHALLENGE
Sign Up to Join the Scoreboard
Show All
Scores
Hide
Comments
May contain spoilers
Recently Published
1-10 Letter E Words III
by El_Dandy
Language
2m
Street Fighter Characters
by Artimus82
Gaming
60s
College Basketball Coaching Resumes
by pancakes188
Sports
9m
More to Explore
Quiz From the Vault
Featured Blog Post
Where Did the Easter Bunny Come From?
hide this ad
You Might Also Like...
Tags
Asia Quiz
Iran
Middle East
Western Asia
Today's Top Quizzes in Geography
Browse Geography
hide this ad
Today's Top Quizzes in Asia
Browse Asia
Top Contributed Quizzes in Geography
1
Countries of the World - No Outlines Minefield
2
Top 25 Cities of France on a map
3
Any capital of a 'B' country per Continent
4
Any capital of a 'C' country per Continent
5
Closest Countries to UK A-Z
6
Any capital of a 'D' country per Continent
7
5-to-1: US Geography No Hints
8
Any capital of an 'E' country per Continent
9
Find the US States - No Outlines
10
Any capital of an 'F' country per Continent
Explore More
Trending Topics
Kpop
Harry Potter
NBA
Marvel
Crossword
Disney
Anime
Pokémon
Song
Country
Puzzle
NFL
Soccer
WWE
The Office
hide this ad
More By:
prednisone
Quiz
Plays
Rating
Category
Featured
Created
Provincial Capitals of Iran
425
5.00
Geography
Jul 14, 2017
50 Largest Cities of Iran
354
5.00
Geography
Aug 21, 2017
Georgian Airways Destinations
116
4.00
Geography
Aug 27, 2017
Emirates Destinations
86
4.00
Geography
Oct 1, 2018
Tajik Air Destinations
60
4.00
Geography
Aug 22, 2017
Go to Creator's Profile
Score Distribution
Quiz Creator Spotlight
prednisone
Follow
Send a Message
Quizzes Created
-
Created Quiz Play Count
-
More By This Creator
Popular Quizzes Today
1
Find the US States - No Outlines Minefield
2
Find the Countries of Europe - No Outlines Minefield
3
The Countries of the World
4
Find the US States
5
Risky Map Clicking: Biggest States A-Z
6
US States
7
Popular People in 1961
8
Movies - When Are They Set?
More Geography Quizzes
Official Languages of Asia
Published
Trending Quizzes
Risky Map Clicking: Least Populous States A-Z
Billboard Blitz: Aretha Franklin
Famous Russians: Author or Composer?
Countries of the World: 200 Million BC
1-10 Letter G Words
Recently Updated
Leaping Animals
pecheneg
Reality TV Shows (A-Z)
bhenderson79
Rickey Henderson's Hall of Fame Teammates
pecheneg
Champions League XIs: Arsenal
pecheneg
Quick Pick: Celebrities in WWE's Hall of Fame
aduchscher
A-Z Keypad Blitz II
pecheneg
Multiple Oscar Actors
pecheneg
Mystery Phrase Blitz: Oscar 'Best Actors'
pecheneg
F. Scott Fitzgerald Novels
LTH
Pick 3 Villains
ddd62291
Trending Topics
Crossword
Marvel
NBA
Anime
Disney
Kpop
Harry Potter
Puzzle
Soccer
Pokémon
WWE
Song
NFL
The Office
Country
Your Account Isn't Verified!
In order to create a playlist on Sporcle, you need to verify the email address you used during registration. Go to your
Sporcle Settings
to finish the process.
Report this User
Report this user for behavior that violates our
Community Guidelines
.
Details:
Send Report
Go to the Sporcle.com Mobile Site →
Comments